000 00712nam a2200205 a 4500
001 000350007
003 AM-YeHGA
005 20250617162843.0
008 040709s1922 ||||||||||||||||||||rus d
040 _aAM-YeHGA
041 1 _arus
_hger
100 1 _aГинденбург, Пауль фон,
_d1847-1934
245 0 0 _aВоспоминания Гинденбурга :
_bСокр. пер. с нем. Л. Щегло.
_cГинденбург
260 _aПетроград :
_bМысль,
_c1922.
300 _a120 с.:
_c23 см.
650 1 4 _aМеждународная политика. Внешняя политика
700 1 _aЩегло, Л.
_eпер.
_4trl
942 _2udc
_cBK
090 _c500218
999 _c496826
_d496826